| 000 | 00406cam a22001577a 4500 | ||
|---|---|---|---|
| 008 | 180718b2012 xxu||||| |||| 00| 0 eng d | ||
| 020 | _a9788192458007 | ||
| 082 | _aK M969h | ||
| 100 | _aMurti, K.K/ | ||
| 245 |
_aHuman resource management _cby K.K. Murti |
||
| 260 |
_aMumbai _bVakratund Pub. _c2012 |
||
| 300 | _a264p. | ||
| 650 | _a | ||
| 650 | _aPersonnel Management | ||
| 650 | _aPersonnel management | ||
| 999 |
_c444519 _d444519 |
||